000 00618nam a2200241 i 4500
001 C2-0072112
003 PPAK
005 20190630222206.0
008 970429s1993 enk |||| ||||| | eng d
020 _a0340596902
040 _aPPAK
_beng
_cPPAK
_erda
082 0 4 _a823
_223
090 0 0 _a823
_bGAL
_dG
100 1 _aGallagher, Stephen,
_eauthor
245 1 0 _aNightmare with angel
264 1 _aLondon :
_bCoronet Books ,
_c1993
300 _a506 pages ;
_c18 cm
336 _2rdacontent
_atext
337 _2rdamedia
_aunmediated
338 _2rdacarrier
_avolume
650 1 0 _aEnglish ficiton
942 _ddc
_cB
999 _c9214
_d9214